[Event "World Rapid Women 2025"]
[Site "Doha QAT"]
[Date "2025.12.26"]
[Round "1.21"]
[White "Mkrtchyan, Mariam"]
[Black "Yip, Carissa"]
[Result "1/2-1/2"]
[WhiteTitle "WIM"]
[BlackTitle "IM"]
[WhiteElo "2353"]
[BlackElo "2459"]
[WhiteFideId "13310828"]
[BlackFideId "2090732"]
[EventDate "2025.12.26"]

1. d4 Nf6 2. c4 g6 3. g3 Bg7 4. Bg2 d5 5. cxd5 Nxd5 6. e4 Nb6 7. Ne2 e5 8. d5 c6
9. O-O O-O 10. a4 a5 11. Nec3 Na6 12. Na3 Nb4 13. Be3 Rb8 14. Qe2 cxd5 15. exd5
f5 16. Rfd1 Bd7 17. Nab5 h6 18. Bc5 e4 19. Bxf8 Qxf8 20. d6 Re8 21. Nc7 Re5 22.
Bf1 Qf7 23. N7b5 Kh7 24. Rd4 Rc5 25. Rad1 Nd3 26. R4xd3 exd3 27. Rxd3 Re5 28.
Re3 Qe6 29. Rxe5 Qxe5 30. Qxe5 Bxe5 31. b3 Be6 32. f4 Bf6 33. Bg2 Bxb3 34. Bxb7
Nxa4 35. Nd5 Bxd5 36. Bxd5 Kg7 37. Kf1 Nb6 38. Be6 Bd8 39. Ke2 Kf6 40. Ba2 Na4
41. Kd3 Nc5+ 42. Kd4 Ne4 43. Kd5 a4 44. Kc6 Ba5 45. d7 Ke7 46. Nc7 Nf6 47. Nd5+
Nxd5 48. Bxd5 a3 49. h3 Be1 50. Kc7 Ba5+ 51. Kc8 h5 52. h4 Bb6 53. Bb3 Ba5 54.
Bd5 Bb6 55. Bb3 1/2-1/2

[Event "World Rapid Women 2025"]
[Site "Doha QAT"]
[Date "2025.12.26"]
[Round "1.22"]
[White "Khamdamova, Afruza"]
[Black "Kurmangaliyeva, Liya"]
[Result "1-0"]
[WhiteTitle "WGM"]
[BlackTitle "FM"]
[WhiteElo "2403"]
[BlackElo "2339"]
[WhiteFideId "14210444"]
[BlackFideId "13725831"]
[EventDate "2025.12.26"]

1. e4 c5 2. Nf3 Nc6 3. d4 cxd4 4. Nxd4 Nf6 5. Nc3 d6 6. Bg5 e6 7. Qd2 a6 8.
O-O-O Be7 9. h4 Rb8 10. f3 Qc7 11. Be3 Nxd4 12. Bxd4 b5 13. g4 b4 14. Ne2 e5 15.
Be3 Be6 16. g5 Nh5 17. Kb1 O-O 18. f4 Qc4 19. Nc1 Qxe4 20. Bd3 Qc6 21. f5 Bd5
22. Rhg1 Bf3 23. Rdf1 g6 24. Nb3 Rfc8 25. Qf2 Bd5 26. Rc1 a5 27. Nd2 a4 28. Rg4
a3 29. Bc4 axb2 30. Kxb2 Ra8 31. Qe2 gxf5 32. Bxd5 Qxd5 33. Rc4 Rxc4 34. Nxc4
Ng3 35. Qd3 Qb5 36. Nb6 Qxd3 37. cxd3 Rb8 38. Nd5 Bd8 39. Bf2 Ne2 40. Rc6 Kf8
41. Rxd6 Ke8 42. Rh6 Rb5 43. Ne3 Nf4 44. Nxf5 Nxd3+ 45. Kc2 Rd5 46. Be3 e4 47.
Nd6+ Ke7 48. Nxe4 Ne1+ 49. Kc1 Nd3+ 50. Kb1 Re5 51. Nf6 Rf5 52. Kc2 Ne1+ 53. Kd1
Ng2 54. Bd2 Ba5 55. Rxh7 Ke6 56. Rh8 Ke5 57. Re8+ Kd4 58. Ke2 Nf4+ 59. Bxf4 Rxf4
60. h5 Bb6 61. h6 Kc4 62. h7 1-0

[Event "World Rapid Women 2025"]
[Site "Doha QAT"]
[Date "2025.12.26"]
[Round "1.23"]
[White "Jiang, Tianyu"]
[Black "Injac, Teodora"]
[Result "1/2-1/2"]
[BlackTitle "IM"]
[WhiteElo "2224"]
[BlackElo "2421"]
[WhiteFideId "8627215"]
[BlackFideId "932400"]
[EventDate "2025.12.26"]

1. e4 e5 2. Nf3 Nc6 3. Bb5 a6 4. Ba4 d6 5. O-O Nf6 6. c3 Bd7 7. d4 g6 8. dxe5
Nxe5 9. Nxe5 dxe5 10. Bg5 Bg7 11. Bxf6 Bxf6 12. Bxd7+ Qxd7 13. Qxd7+ Kxd7 14.
Nd2 Ke6 15. Rfd1 Be7 16. Kf1 Rad8 17. Ke2 f5 18. f3 Rhf8 19. a4 h5 20. h3 a5 21.
Nc4 fxe4 22. fxe4 Rxd1 23. Rxd1 Rf4 24. Kd3 b6 25. Ne3 c6 26. Rf1 Bc5 27. g3
Rxf1 1/2-1/2

[Event "World Rapid Women 2025"]
[Site "Doha QAT"]
[Date "2025.12.26"]
[Round "1.24"]
[White "Shuvalova, Polina"]
[Black "Iudina, Veronika"]
[Result "1-0"]
[WhiteTitle "IM"]
[BlackTitle "WFM"]
[WhiteElo "2502"]
[BlackElo "2204"]
[WhiteFideId "24171760"]
[BlackFideId "24277916"]
[EventDate "2025.12.26"]

1. e4 e5 2. Nf3 Nc6 3. Bc4 Nf6 4. d3 Bc5 5. O-O O-O 6. Re1 d6 7. c3 Bb6 8. Nbd2
Be6 9. a4 a6 10. h3 Qd7 11. Bxe6 Qxe6 12. Nc4 Ba7 13. Qe2 b5 14. Ne3 d5 15. Nf5
dxe4 16. dxe4 Rfd8 17. Bg5 b4 18. Rad1 Rxd1 19. Rxd1 Nd7 20. Be3 Bxe3 21. Nxe3
Nc5 22. Nd5 Rc8 23. cxb4 Nxa4 24. Qc2 Nd4 25. Nxd4 exd4 26. Qxa4 Qxe4 27. Qd7
Rf8 28. Ne7+ Kh8 29. Nf5 Qc2 30. Rxd4 g6 31. Ne3 Qxb2 32. Rc4 a5 33. bxa5 Qa1+
34. Kh2 Qe5+ 35. g3 Qxa5 36. Qxc7 Qd2 37. Qe5+ Kg8 38. Ng4 f5 39. Rc7 1-0

[Event "World Rapid Women 2025"]
[Site "Doha QAT"]
[Date "2025.12.26"]
[Round "1.25"]
[White "Tarasenka, Aliaksandra"]
[Black "Vaishali, Rameshbabu"]
[Result "0-1"]
[WhiteTitle "WIM"]
[BlackTitle "GM"]
[WhiteElo "2266"]
[BlackElo "2473"]
[WhiteFideId "13514288"]
[BlackFideId "5091756"]
[EventDate "2025.12.26"]

1. e4 e5 2. Nf3 Nc6 3. Bc4 d6 4. c3 f5 5. d3 Qf6 6. a4 f4 7. b4 g5 8. Qb3 Nge7
9. Bb2 g4 10. Nfd2 Bg7 11. Na3 a6 12. O-O-O Bd7 13. Kb1 Na7 14. d4 b5 15. axb5
axb5 16. Be2 Be6 17. d5 Bd7 18. f3 h5 19. Rc1 O-O 20. Qd1 Qg6 21. Nb3 c6 22.
dxc6 Bxc6 23. Bd3 Rab8 24. Qe2 Be8 25. Rhd1 Bf7 26. Na5 Qe6 27. Ba1 Rfc8 28. Qb2
Nec6 29. Nxc6 Rxc6 30. c4 bxc4 31. Bxc4 Rxc4 32. Rxc4 Qd7 33. Rdc1 d5 34. Rc7
Qa4 35. b5 Nxb5 36. Rc8+ Kh7 37. Rxb8 Nxa3+ 38. Qxa3 Qxa3 39. Rb7 Qd3+ 40. Rc2
dxe4 41. fxe4 Bb3 42. Rxb3 Qxb3+ 43. Kc1 f3 0-1

[Event "World Rapid Women 2025"]
[Site "Doha QAT"]
[Date "2025.12.26"]
[Round "1.26"]
[White "Krush, Irina"]
[Black "Chen, Yining"]
[Result "1-0"]
[WhiteTitle "GM"]
[BlackTitle "FM"]
[WhiteElo "2402"]
[BlackElo "2278"]
[WhiteFideId "2012782"]
[BlackFideId "8620946"]
[EventDate "2025.12.26"]

1. d4 d5 2. c4 c6 3. cxd5 cxd5 4. Nf3 Nc6 5. Nc3 Nf6 6. Bf4 Bf5 7. Qb3 Na5 8.
Qa4+ Bd7 9. Qd1 e6 10. e3 Rc8 11. Bd3 Bb4 12. Rc1 O-O 13. O-O Bxc3 14. bxc3 Nc4
15. Qe2 a6 16. Ne5 Bb5 17. Bg5 h6 18. Bh4 g5 19. Bg3 Ne4 20. Qh5 Nxe5 21. Bxe5
Kh7 22. c4 Bxc4 23. Rxc4 Rxc4 24. f3 f5 25. fxe4 Rc3 26. exf5 1-0

[Event "World Rapid Women 2025"]
[Site "Doha QAT"]
[Date "2025.12.26"]
[Round "1.27"]
[White "Vo, Thi Kim Phung"]
[Black "Khademalsharieh, Sarasadat"]
[Result "0-1"]
[WhiteTitle "WGM"]
[BlackTitle "IM"]
[WhiteElo "2322"]
[BlackElo "2414"]
[WhiteFideId "12401838"]
[BlackFideId "12512214"]
[EventDate "2025.12.26"]

1. d4 Nf6 2. c4 e6 3. Nf3 b6 4. g3 Bb4+ 5. Bd2 a5 6. Bg2 Bb7 7. O-O O-O 8. Nc3
d6 9. Qc2 Nbd7 10. Rfd1 Qc8 11. b3 h6 12. a3 Bxc3 13. Bxc3 Be4 14. Qb2 Qb7 15.
Rac1 b5 16. d5 e5 17. Nh4 bxc4 18. bxc4 Qxb2 19. Bxb2 Rfb8 20. Ba1 Nc5 21. Bxe4
Nfxe4 22. f3 Nf6 23. Nf5 Kf8 24. Rb1 Nfd7 25. e4 Nb6 26. Ne3 Rb7 27. Rb5 Nxc4
28. Rxb7 Nxe3 29. Rdb1 Nxb7 30. Rxb7 Rc8 31. Bc3 a4 32. Bb4 Ke8 33. Ra7 Nc2 34.
Rxa4 Rb8 35. Kf2 Kd7 36. Ke2 Nd4+ 37. Ke3 f5 38. exf5 Nxf5+ 39. Ke4 Ne7 40. Ra5
Rb7 41. h4 c6 42. dxc6+ Nxc6 43. Ra8 Nxb4 44. axb4 Rxb4+ 45. Kf5 Rb3 46. Ra7+
Kc6 47. Ke4 Rb4+ 48. Kf5 Rb3 49. Ke4 Rb7 50. Ra6+ Kd7 51. Kf5 Ke7 52. h5 Rd7 53.
Kg6 Ke6 54. Ra4 d5 55. Ra6+ Rd6 56. Ra1 d4 57. Kxg7 Kf5 58. Rd1 Kg5 59. Re1 Rd7+
60. Kf8 Kf6 61. Ke8 Rd5 62. f4 exf4 63. gxf4 d3 64. Rd1 d2 65. f5 Rd4 0-1

[Event "World Rapid Women 2025"]
[Site "Doha QAT"]
[Date "2025.12.26"]
[Round "1.28"]
[White "Garifullina, Leya"]
[Black "Rodriguez Redondo, Adhara"]
[Result "1-0"]
[WhiteTitle "IM"]
[BlackTitle "WFM"]
[WhiteElo "2454"]
[BlackElo "2207"]
[WhiteFideId "34127035"]
[BlackFideId "32065698"]
[EventDate "2025.12.26"]

1. e4 e5 2. Nf3 Nc6 3. Bb5 Nf6 4. d3 Bc5 5. Bxc6 dxc6 6. Nbd2 Qe7 7. Nc4 Nd7 8.
O-O O-O 9. a4 a5 10. Be3 Bd6 11. Kh1 f6 12. Nh4 Nc5 13. f4 exf4 14. Bxf4 Bxf4
15. Rxf4 b5 16. axb5 cxb5 17. Nxa5 Qe5 18. Rf1 Na4 19. b4 c5 20. Qd2 Qc7 21. c3
Be6 22. d4 cxd4 23. cxd4 Bc4 24. Rfe1 Rad8 25. d5 Nb6 26. Rad1 f5 27. d6 Qd7 28.
exf5 Rf6 29. Qf2 Rxd6 30. Rxd6 Qxd6 31. Nb7 Qd4 32. Qg3 Rf8 33. h3 Bd5 34. Nd6
Qxb4 35. Re7 Bf7 36. Kh2 Nd5 37. Rb7 Qf4 38. Qxf4 Nxf4 39. Rxb5 Rd8 40. Ne4 Bd5
41. Nc3 Bc6 42. Rc5 Bb7 43. Rc4 g5 44. fxg6 Nxg6 45. Nxg6 hxg6 46. Rc7 Rc8 47.
Rxc8+ Bxc8 48. Kg3 Bb7 49. Nd1 Kg7 50. Ne3 Kf6 51. h4 Bc8 52. Kf4 Be6 53. Ng4+
Kg7 54. Kg5 Bd5 55. g3 Be4 56. Ne5 Bb1 57. Nc6 Be4 58. Nd8 Bb1 59. g4 Bc2 60.
Ne6+ Kf7 61. Nd4 Bd1 62. Kf4 Kf6 63. g5+ Kf7 64. Ke5 Bg4 65. Kd6 Bh3 66. Nc2 Bf5
67. Ne3 Bh3 68. Nc4 Bf5 69. Ne5+ Kg7 70. Ke7 Bc2 71. Nf3 Bb1 72. Nd4 Ba2 73.
Ne6+ Kh7 74. Kf6 Bb1 75. Nf8+ Kg8 76. Nxg6 Kh7 77. Nf4 Ba2 78. Ne6 Bb3 79. Nd8
Bc2 80. h5 Bd1 81. g6+ Kg8 82. h6 Bc2 83. Nf7 Bb3 84. h7+ 1-0

[Event "World Rapid Women 2025"]
[Site "Doha QAT"]
[Date "2025.12.26"]
[Round "1.29"]
[White "Gaboyan, Susanna"]
[Black "Batsiashvili, Nino"]
[Result "0-1"]
[WhiteTitle "WIM"]
[BlackTitle "GM"]
[WhiteElo "2182"]
[BlackElo "2462"]
[WhiteFideId "13303627"]
[BlackFideId "13602993"]
[EventDate "2025.12.26"]

1. e4 e5 2. Nf3 Nc6 3. Bc4 Nf6 4. d3 Bc5 5. Nbd2 d6 6. c3 a5 7. h3 O-O 8. O-O
Ba7 9. Re1 Be6 10. Bxe6 fxe6 11. Qb3 Qd7 12. Nf1 a4 13. Qc2 Nh5 14. Be3 Ne7 15.
Bxa7 Rxa7 16. d4 Nf4 17. Kh2 Neg6 18. dxe5 dxe5 19. Re3 Raa8 20. g3 Nh5 21. Rd1
Qe7 22. Qe2 h6 23. Rd2 Nf6 24. Qb5 c6 25. Qc4 Rf7 26. Red3 Raf8 27. Rd6 Nxe4 28.
Qxe4 Rxf3 29. Qxg6 Rxf2+ 30. Kg1 Rxf1+ 31. Kg2 Qxd6 0-1

[Event "World Rapid Women 2025"]
[Site "Doha QAT"]
[Date "2025.12.26"]
[Round "1.30"]
[White "Toncheva, Nadya"]
[Black "Mgeladze, Kesaria"]
[Result "0-1"]
[WhiteTitle "FM"]
[BlackTitle "WIM"]
[WhiteElo "2362"]
[BlackElo "2195"]
[WhiteFideId "2924056"]
[BlackFideId "13621130"]
[EventDate "2025.12.26"]

1. d4 Nf6 2. c4 e6 3. Nc3 Bb4 4. f3 O-O 5. a3 Bxc3+ 6. bxc3 Ne8 7. e3 c5 8. Bd3
Nc6 9. Ne2 b6 10. O-O Ba6 11. Qc2 h6 12. e4 Na5 13. e5 Bxc4 14. Bxc4 Nxc4 15.
Qd3 Na5 16. Be3 d6 17. Qe4 Nc4 18. Bf4 g5 19. d5 exd5 20. Qxd5 dxe5 21. Qxc4
exf4 22. Rad1 Qf6 23. Rd7 Nd6 24. Qa4 Qe6 25. Qc6 Rad8 26. Rxd8 Rxd8 27. Re1
Qe3+ 28. Kf1 Nc4 29. g3 Ne5 30. Qxh6 Nxf3 31. Qf6 Nd2+ 32. Kg2 f3+ 33. Kh3 Qe6+
34. Qxe6 fxe6 0-1

[Event "World Rapid Women 2025"]
[Site "Doha QAT"]
[Date "2025.12.26"]
[Round "1.31"]
[White "Nguyen Hong Nhung"]
[Black "Arabidze, Meri"]
[Result "1-0"]
[WhiteTitle "FM"]
[BlackTitle "IM"]
[WhiteElo "2268"]
[BlackElo "2413"]
[WhiteFideId "12412201"]
[BlackFideId "13604040"]
[EventDate "2025.12.26"]

1. e4 d6 2. d4 Nf6 3. Nc3 e5 4. Nf3 Nbd7 5. g4 Nxg4 6. Rg1 Ngf6 7. Bc4 h6 8. Be3
c6 9. dxe5 dxe5 10. Qd3 b5 11. Bb3 Qa5 12. O-O-O Ba6 13. Nd2 Rd8 14. Qf1 g6 15.
f4 b4 16. Nc4 bxc3 17. Nxa5 Bxf1 18. Rgxf1 cxb2+ 19. Kxb2 exf4 20. Bd4 Bc5 21.
Bxf6 Nxf6 22. Rxd8+ Kxd8 23. Nb7+ Ke7 24. Nxc5 g5 25. h3 Nh5 26. e5 Rd8 27. Kc3
Ng3 28. Rf3 h5 29. Bc4 h4 30. Rd3 Ne2+ 31. Kd2 Nd4 32. Kc3 Ne2+ 33. Kd2 Nd4 34.
Ne4 Nf3+ 35. Kc3 Rxd3+ 36. Bxd3 g4 37. Be2 Nxe5 38. Bxg4 Nxg4 39. hxg4 h3 40.
Nf2 h2 41. Kd4 Kf6 42. Ke4 Kg5 43. c4 f6 44. a3 a5 45. a4 h1=Q+ 46. Nxh1 Kxg4
47. Nf2+ Kg3 48. Nd3 f3 49. Ke3 f5 50. c5 f4+ 51. Ke4 f2 52. Nxf2 Kxf2 53. Kxf4
Ke2 54. Ke5 Kd3 1-0

[Event "World Rapid Women 2025"]
[Site "Doha QAT"]
[Date "2025.12.26"]
[Round "1.32"]
[White "Munkhzul, Turmunkh"]
[Black "Jarocka, Liwia"]
[Result "1-0"]
[WhiteTitle "WGM"]
[BlackTitle "FM"]
[WhiteElo "2271"]
[BlackElo "2258"]
[WhiteFideId "4901878"]
[BlackFideId "21807558"]
[EventDate "2025.12.26"]

1. e4 d6 2. d4 Nf6 3. Nc3 e5 4. Nf3 Nbd7 5. Bc4 Be7 6. O-O O-O 7. Re1 c6 8. a4
h6 9. a5 Re8 10. h3 Qc7 11. Be3 exd4 12. Nxd4 Bf8 13. Bf4 Rb8 14. Qd2 b5 15.
axb6 axb6 16. Bd3 b5 17. b3 Ne5 18. Bg3 b4 19. Na4 c5 20. Bxe5 dxe5 21. Nf3 Be6
22. Nb2 Nd7 23. Bc4 Nb6 24. Qe2 g6 25. Bxe6 Rxe6 26. Ra6 Rbe8 27. Rea1 Qd8 28.
Nc4 Nxc4 29. Qxc4 Rxa6 30. Rxa6 Kg7 31. Ra7 Re7 32. Rxe7 Qxe7 33. Qd5 f6 34. Ne1
h5 35. Nd3 Qa7 36. Kh2 Qc7 37. Nb2 Qa7 38. Na4 Qc7 39. Qe6 Qa7 40. Nb6 Qf7 41.
Qxf7+ Kxf7 42. Kg3 Ke6 43. Nc4 Bh6 44. Kf3 Bc1 45. Ke2 Bh6 46. Kd3 Kd7 47. Nb6+
Kd6 48. Kc4 Bf8 49. Kb5 f5 50. f3 Ke6 51. Kc6 fxe4 52. fxe4 Be7 53. Nd7 h4 54.
Nxc5+ Kf6 55. Nd3 g5 56. Kd5 g4 57. Nxe5 gxh3 58. gxh3 Kg5 59. Nd3 Bf8 60. e5
Kf5 61. e6 Kf6 62. Ne5 Kf5 63. Nc6 Kf6 64. e7 Bxe7 65. Nxe7 Kxe7 66. Kc4 Ke6 67.
Kxb4 Ke5 68. c4 Kf4 69. c5 Kg3 70. c6 1-0

[Event "World Rapid Women 2025"]
[Site "Doha QAT"]
[Date "2025.12.26"]
[Round "1.33"]
[White "Nguyen Hong Anh"]
[Black "Atalik, Ekaterina"]
[Result "1/2-1/2"]
[WhiteTitle "WIM"]
[BlackTitle "IM"]
[WhiteElo "2010"]
[BlackElo "2349"]
[WhiteFideId "12406732"]
[BlackFideId "4130189"]
[EventDate "2025.12.26"]

1. d4 d5 2. c4 c6 3. Nf3 Nf6 4. Nc3 e6 5. Bg5 h6 6. Bxf6 Qxf6 7. e3 g6 8. Be2
Bg7 9. O-O O-O 10. Re1 Nd7 11. Qc2 dxc4 12. Bxc4 e5 13. dxe5 Nxe5 14. Nxe5 Qxe5
15. Qxg6 Bf5 16. Qh5 b5 17. Bb3 Qf6 18. e4 Bg6 19. Qc5 Rfe8 20. e5 Rxe5 21. Rxe5
Qxe5 22. Qxc6 Re8 23. h3 Kh7 24. Rd1 b4 25. Nb5 a6 26. Nd6 Rd8 27. Qc7 Qf6 28.
Bc2 a5 29. b3 Kg8 30. Bxg6 fxg6 31. Rd3 Bf8 32. Qc4+ Kh7 33. Ne4 Qa1+ 34. Kh2
Rxd3 35. Qxd3 Bg7 36. Qc2 Qe5+ 37. g3 Qf5 38. Qe2 Qe5 39. Kg2 Qa1 40. Qb5 Qxa2
41. Qd7 Qb2 42. h4 Qd4 43. Qc6 a4 44. bxa4 b3 45. a5 Qb4 46. Nf6+ Bxf6 47. Qxf6
b2 48. Qf7+ Kh8 49. Qf6+ Kh7 50. Qf7+ Kh8 1/2-1/2

[Event "World Rapid Women 2025"]
[Site "Doha QAT"]
[Date "2025.12.26"]
[Round "1.34"]
[White "Vantika, Agrawal"]
[Black "Liu, Shilan"]
[Result "1-0"]
[WhiteTitle "IM"]
[BlackTitle "WGM"]
[WhiteElo "2369"]
[BlackElo "2109"]
[WhiteFideId "25050389"]
[BlackFideId "8600279"]
[EventDate "2025.12.26"]

1. d4 Nf6 2. c4 e6 3. Nf3 Bb4+ 4. Bd2 Bxd2+ 5. Qxd2 d6 6. Nc3 Nc6 7. Rd1 Qe7 8.
g3 O-O 9. Bg2 e5 10. Nd5 Nxd5 11. cxd5 Nxd4 12. Nxd4 exd4 13. Qxd4 Re8 14. e3
Bf5 15. Rc1 a5 16. O-O Rac8 17. Rc3 h5 18. Rfc1 b6 19. e4 Bg6 20. Bh3 Qxe4 21.
Qxe4 Bxe4 22. Bxc8 Rxc8 23. Rxc7 Rxc7 24. Rxc7 Bxd5 25. a3 b5 26. Rd7 a4 27.
Rxd6 Bc4 28. f3 g6 29. Kf2 Kg7 30. Ke3 g5 31. f4 gxf4+ 32. Kxf4 1-0

[Event "World Rapid Women 2025"]
[Site "Doha QAT"]
[Date "2025.12.26"]
[Round "1.35"]
[White "Shubenkova, Veronika"]
[Black "Mammadzada, Gunay"]
[Result "1/2-1/2"]
[WhiteTitle "WFM"]
[BlackTitle "IM"]
[WhiteElo "2013"]
[BlackElo "2390"]
[WhiteFideId "44124040"]
[BlackFideId "13403729"]
[EventDate "2025.12.26"]

1. d4 d5 2. e3 Nf6 3. Nf3 e6 4. b3 Bb4+ 5. c3 Bd6 6. Bb2 O-O 7. Nbd2 c5 8. Bd3
Nc6 9. c4 Qe7 10. Ne5 cxd4 11. exd4 Rd8 12. Nxc6 bxc6 13. c5 Bc7 14. O-O a5 15.
Qe2 g6 16. f4 Nh5 17. g3 Re8 18. Rae1 Bd7 19. f5 Qg5 20. fxg6 hxg6 21. Nf3 Qg4
22. Qg2 Ng7 23. Ne5 Bxe5 24. Rxe5 Nf5 25. Be2 Qg5 26. Bd1 a4 27. Qf2 axb3 28.
Bxb3 Rf8 29. Kh1 f6 30. Ree1 Qh5 31. Rg1 Nh6 32. Bd1 Qh3 33. Bc1 Ng4 34. Qc2 Kg7
35. Rg2 Rh8 36. Qe2 Nh6 37. g4 g5 38. Qf2 Nf7 39. Rf1 Qh6 40. a4 Bc8 41. Qg3 Ba6
42. Re1 Rhe8 43. Qc7 Bd3 44. Rf2 Rac8 45. Qg3 Be4+ 46. Bf3 Bxf3+ 47. Rxf3 Rb8
48. Ref1 Rb1 49. Qf2 Qg6 50. Rxf6 Qe4+ 51. Rf3 Nh6 52. Kg1 Nxg4 53. Rf7+ Kg6 54.
Rf6+ Kh5 55. Qg3 Qxd4+ 56. Kh1 Qe4+ 57. Kg1 Qd4+ 58. Kh1 Qe4+ 59. Kg1 Qd4+ 60.
Kh1 Qe4+ 1/2-1/2

[Event "World Rapid Women 2025"]
[Site "Doha QAT"]
[Date "2025.12.26"]
[Round "1.36"]
[White "Pham, Le Thao Nguyen"]
[Black "Zherebtsova, Alexandra"]
[Result "1/2-1/2"]
[WhiteTitle "IM"]
[BlackTitle "FM"]
[WhiteElo "2348"]
[BlackElo "2307"]
[WhiteFideId "12401226"]
[BlackFideId "24129518"]
[EventDate "2025.12.26"]

1. d4 Nf6 2. Nf3 b6 3. g3 Bb7 4. Bg2 g6 5. O-O Bg7 6. c4 O-O 7. Nc3 Ne4 8. Bd2
Nxd2 9. Qxd2 c5 10. d5 d6 11. h3 Nd7 12. Rfe1 Rb8 13. e4 a6 14. a4 Bc8 15. Bf1
Qc7 16. Kh2 e6 17. Bd3 Nf6 18. dxe6 Bxe6 19. Ng5 Bd7 20. f4 Rfe8 21. Bf1 Bc6 22.
Rad1 Rbd8 23. Qc2 h6 24. Nf3 Qb7 25. Nd5 Bxd5 26. exd5 Qd7 27. b3 Rxe1 28. Rxe1
Re8 29. Bd3 Re7 30. Rxe7 Qxe7 31. Qe2 Kf8 32. Kg2 Qxe2+ 33. Bxe2 1/2-1/2

[Event "World Rapid Women 2025"]
[Site "Doha QAT"]
[Date "2025.12.26"]
[Round "1.37"]
[White "Machlik, Monika"]
[Black "Bodnaruk, Anastasia"]
[Result "1/2-1/2"]
[BlackTitle "IM"]
[WhiteElo "2084"]
[BlackElo "2357"]
[WhiteFideId "1513621"]
[BlackFideId "4181751"]
[EventDate "2025.12.26"]

1. d4 Nf6 2. c4 g6 3. Nc3 Bg7 4. g3 O-O 5. Bg2 Nc6 6. Nf3 d5 7. cxd5 Nxd5 8. O-O
Nb6 9. e3 Re8 10. b3 e5 11. dxe5 Nxe5 12. Nxe5 Bxe5 13. Bb2 c6 14. Qc2 Qe7 15.
Rad1 h5 16. h4 Bg4 17. Rd2 Rad8 18. Rxd8 Rxd8 19. Ne4 Bf5 20. Bxe5 Qxe5 21. Qc3
Qxc3 22. Nxc3 Rd2 23. Rc1 Kf8 24. b4 Rb2 25. b5 cxb5 26. Bxb7 b4 27. Nd5 Be4 28.
Nxb6 Bxb7 29. Nd7+ Kg7 30. Nc5 Bf3 31. Nd3 Rxa2 32. Nxb4 Rd2 33. Nc6 Ra2 34. Nd4
Bd5 35. f3 f5 36. Rc5 Bf7 37. Rc7 a5 38. Ne6+ Kf6 39. Ng5 Bd5 40. Rd7 Bc4 41.
Rd6+ Ke7 42. Rxg6 a4 43. Rc6 Bd5 44. Rc5 Kd6 45. Ra5 a3 46. e4 fxe4 47. Nxe4+
Ke6 48. Nc3 Ra1+ 49. Kf2 Bc4 50. g4 hxg4 51. fxg4 a2 52. Nxa2 Rxa2+ 53. Rxa2
Bxa2 54. Kg3 Kf6 55. Kf4 Bf7 56. h5 Bxh5 57. gxh5 Kg7 58. Kg5 Kh7 59. h6 Kg8 60.
Kg6 Kh8 61. h7 1/2-1/2

[Event "World Rapid Women 2025"]
[Site "Doha QAT"]
[Date "2025.12.26"]
[Round "1.38"]
[White "Salimova, Nurgyul"]
[Black "Wang, Chuqiao"]
[Result "1/2-1/2"]
[WhiteTitle "IM"]
[BlackTitle "WIM"]
[WhiteElo "2396"]
[BlackElo "2235"]
[WhiteFideId "2915138"]
[BlackFideId "8631638"]
[EventDate "2025.12.26"]

1. d4 d5 2. c4 c6 3. e3 Nf6 4. Nc3 e6 5. Nf3 Nbd7 6. Be2 Bd6 7. O-O O-O 8. a4
dxc4 9. Nd2 e5 10. Nxc4 Bc7 11. a5 Re8 12. b3 exd4 13. exd4 Nf8 14. Bf3 Ne6 15.
d5 cxd5 16. Nxd5 Nxd5 17. Bxd5 Qf6 18. Bb2 Qh6 19. Be5 Bxe5 20. Nxe5 Nd8 21. Re1
Be6 22. Bf3 Rc8 23. Qd4 Nc6 24. Nxc6 bxc6 25. b4 Rc7 26. Rac1 Rd7 27. Qc5 Rc8
28. b5 g6 29. Bxc6 Rd5 30. Qe3 Qxe3 31. fxe3 Re5 32. e4 Kg7 33. Red1 Bg4 34. Re1
Be6 35. h3 Bb3 36. Re3 Rxb5 37. Bxb5 Rxc1+ 38. Kh2 Bc4 39. Bxc4 1/2-1/2

[Event "World Rapid Women 2025"]
[Site "Doha QAT"]
[Date "2025.12.26"]
[Round "1.39"]
[White "Yakubbaeva, Nilufar"]
[Black "Danielian, Elina"]
[Result "0-1"]
[WhiteTitle "WGM"]
[BlackTitle "GM"]
[WhiteElo "2229"]
[BlackElo "2408"]
[WhiteFideId "14204487"]
[BlackFideId "13300210"]
[EventDate "2025.12.26"]

1. Nf3 c5 2. e3 b6 3. b3 Bb7 4. Bb2 e6 5. c4 Nf6 6. Nc3 Be7 7. Be2 O-O 8. O-O d6
9. d4 cxd4 10. Nxd4 a6 11. Bf3 Qc7 12. Rc1 Nbd7 13. Bxb7 Qxb7 14. Qf3 Qxf3 15.
Nxf3 Rfc8 16. Rfd1 h6 17. h3 Rab8 18. Nd4 Nc5 19. Kf1 Kf8 20. Ke2 Rc7 21. f3
Rbc8 22. e4 g5 23. Kf2 Nfd7 24. Rc2 Ne5 25. Rcd2 Ncd7 26. Nce2 Rb7 27. Nc3 h5
28. g3 Nc5 29. f4 gxf4 30. gxf4 Ng6 31. f5 Bh4+ 32. Kg2 Nf4+ 33. Kh2 Bf6 34. Nf3
Bxc3 35. Bxc3 Nxe4 36. Bb4 b5 37. cxb5 Rxb5 38. Rd4 Rc2+ 39. Nd2 Rxb4 40. Rxb4
d5 41. Kg1 Nxh3+ 42. Kg2 Nhf2 43. Rg1 Rxd2 44. Kf3 Ng4 45. Rxe4 dxe4+ 46. Kxe4
Re2+ 47. Kd3 Rxa2 48. fxe6 fxe6 49. Kc4 Kf7 50. Rf1+ Kg6 51. Re1 e5 52. Rh1 0-1

[Event "World Rapid Women 2025"]
[Site "Doha QAT"]
[Date "2025.12.26"]
[Round "1.40"]
[White "Preobrazhenskaya, Diana"]
[Black "Berikkyzy Alanna"]
[Result "1-0"]
[WhiteTitle "WFM"]
[BlackTitle "WFM"]
[WhiteElo "2131"]
[BlackElo "2241"]
[WhiteFideId "34270566"]
[BlackFideId "13780719"]
[EventDate "2025.12.26"]

1. e4 c5 2. Nf3 d6 3. d4 cxd4 4. Nxd4 Nf6 5. Nc3 g6 6. Be3 Bg7 7. f3 Nc6 8. Qd2
O-O 9. O-O-O d5 10. exd5 Nxd5 11. Nxc6 bxc6 12. Bd4 e5 13. Bc5 Be6 14. Ne4 Re8
15. h4 h5 16. Bc4 Nf4 17. Bxe6 Nxe6 18. Be3 Qxd2+ 19. Rxd2 Rab8 20. Bxa7 Ra8 21.
Rd7 f5 22. Nc3 Nf4 23. Rhd1 Nxg2 24. R1d6 Nf4 25. Rxc6 Rad8 26. Rxd8 Rxd8 27.
Be3 Ng2 28. Bg5 Rd4 29. Rxg6 Kh7 30. Re6 Nxh4 31. Nb5 Rb4 32. Nd6 Nxf3 33. Bf6
Bh6+ 34. Kb1 Nd2+ 35. Ka1 Rf4 36. a3 e4 37. Nf7 Rf1+ 38. Ka2 Bg7 39. Ng5+ Kg6
40. Be7+ Bf6 41. Bxf6 Nf3 42. Bd8+ 1-0

[Event "World Rapid Women 2025"]
[Site "Doha QAT"]
[Date "2025.12.26"]
[Round "1.41"]
[White "Khafizova, Diana"]
[Black "Mkrtchian, Lilit"]
[Result "1-0"]
[WhiteTitle "WFM"]
[BlackTitle "IM"]
[WhiteElo "2234"]
[BlackElo "2366"]
[WhiteFideId "34378049"]
[BlackFideId "13300601"]
[EventDate "2025.12.26"]

1. d4 Nf6 2. c4 e6 3. g3 d5 4. Nf3 Bd6 5. Bg2 O-O 6. O-O Nc6 7. cxd5 exd5 8. Nc3
h6 9. Bf4 Bxf4 10. gxf4 Ne7 11. e3 c6 12. Ne5 Nf5 13. Kh1 Nh4 14. Rg1 Bf5 15. f3
Ne8 16. Qe1 Nxg2 17. Rxg2 f6 18. Ng4 Kh7 19. Qg3 Qe7 20. Re1 Nd6 21. Nf2 Qf7 22.
e4 Rae8 23. Rgg1 Bc8 24. f5 Nc4 25. b3 Nb6 26. Qf4 Re7 27. Rg6 Rh8 28. Ng4 h5
29. Nxf6+ 1-0